Relational databases: (Record no. 182079)

MARC details
000 -LEADER
fixed length control field 00623nam a2200193Ia 4500
005 - DATE AND TIME OF LATEST TRANSACTION
control field 20250930091926.0
008 - FIXED-LENGTH DATA ELEMENTS--GENERAL INFORMATION
fixed length control field 210716s1991 xx 000 0 und d
040 ## - CATALOGING SOURCE
Transcribing agency AIMIT LIBRARY
041 ## - LANGUAGE CODE
Language code of text/sound track or separate title eng
082 ## - DEWEY DECIMAL CLASSIFICATION NUMBER
Classification number 005.756
Item number PAGA
100 ## - MAIN ENTRY--PERSONAL NAME
Personal name Page, A J.
9 (RLIN) 240905
245 ## - TITLE STATEMENT
Title Relational databases:
Remainder of title concepts selection and implementation/
Statement of responsibility, etc. By A.J. Page
250 ## - EDITION STATEMENT
Edition statement 1
260 ## - PUBLICATION, DISTRIBUTION, ETC.
Place of publication, distribution, etc. New Delhi
Name of publisher, distributor, etc. Galgotia Publications Pvt Ltd
Date of publication, distribution, etc. 1991
300 ## - PHYSICAL DESCRIPTION
Extent 230p.;
Other physical details PB
Dimensions 25 cm.
650 ## - SUBJECT ADDED ENTRY--TOPICAL TERM
Topical term or geographic name entry element Relational Database architecture
9 (RLIN) 240906
650 ## - SUBJECT ADDED ENTRY--TOPICAL TERM
Topical term or geographic name entry element Relational database management systems
9 (RLIN) 240907
942 ## - ADDED ENTRY ELEMENTS (KOHA)
Source of classification or shelving scheme Dewey Decimal Classification
Koha item type Book
Call number prefix 005.756 PAGA
Holdings
Withdrawn status Lost status Damaged status Not for loan Collection code Home library Current library Date acquired Total Checkouts Full call number Barcode Date last seen Price effective from Koha item type Cost, normal purchase price Cost, replacement price
        MCA St Aloysius Institute of Management & Information Technology St Aloysius Institute of Management & Information Technology 07/16/2021   005.756 PAGA MCA01587 05/23/2026 07/16/2021 Book    
        MCA St Aloysius Institute of Management & Information Technology St Aloysius Institute of Management & Information Technology 07/16/2021   005.756 PAGA MCA02802 05/23/2026 07/16/2021 Book 85.00 85.00